00696nam a22002057a 4500999001900000005001700019010001500036020002600051035001400077037001300091082001400104100001400118245005800132260003300190270004100223300002100264500005100285942002800336952012600364 c172290d17229020200131111132.0 aENG-127582 a9788194006633c895.00 aEN-111114 bDBAD/PUB a355.00954 aShahi,R.C aHistory of Indian Army by R.C. Shahi /cby R.C. Shahi aNew Delhi bAkashdeep c2019 bNew Delhi a1/1079 E,Mehraulie11000 a236p.b22 cm(hb) ainclude Bibliographical references and index  2ddccENh355.00954mSHA 001040708NFICaZLSbZLSd2020-01-31eDBAD/PUBg895.00l0o355.00954 SHApEN-111114r2020-01-31 00:00:00t1v895.00yEN